[Event "TUR-chT 2nd League"]
[White "Orhon, Bora"]
[Black "Turan, Asim"]
[Site "Denizli"]
[Round "7.4"]
[Result "0-1"]
[Date "2024.07.19"]
[WhiteElo "2052"]
[BlackElo "1970"]
[PlyCount "82"]
[EventDate "2024.07.15"]
[EventType "team-swiss"]
[EventRounds "9"]
[EventCountry "TUR"]
[SourceTitle "EXT 2025"]
[Source "ChessBase"]
[SourceDate "2024.10.14"]
[SourceVersion "1"]
[SourceVersionDate "2024.10.14"]
[SourceQuality "1"]
[WhiteTeam "Ankara DSI Genclik"]
[BlackTeam "Akcakoca Kultur Sanat"]
[WhiteTeamCountry "TUR"]
[BlackTeamCountry "TUR"]

1. e4 e5 2. Nf3 Nc6 3. Bc4 Nf6 4. d3 Be7 5. Nc3 d6 6. a4 Na5 7. Ba2 c5 8. 0-0 Bg4 9. Nd5 Nc6 10. c3 Nxd5 11. Bxd5 Qd7 12. a5 Rb8 13. h3 Bh5 14. g4 Bg6 15. Nd2 h5 16. Kg2 Bg5 17. Nc4 Bf4 18. Bxf4 exf4 19. f3 Qe7 20. Qd2 Ne5 21. Qxf4 Nxd3 22. Qxd6 Qxd6 23. Nxd6+ Kd7 24. Nc4 Nf4+ 25. Kg3 Nxd5 26. Rfd1 hxg4 27. Rxd5+ Kc7 28. Rxc5+ Kd7 29. Rd1+ Ke7 30. Rc7+ Kf8 31. hxg4 f6 32. Rdd7 Be8 33. Rxg7 Rd8 34. Rxb7 Rd3 35. Rxa7 Rh1 36. Rh7 Rxh7 37. Rxh7 Bg6 38. Rh8+ Kg7 39. Rh2 Bxe4 40. Kf4 Bb7 41. Rd2 Rxf3# 0-1

[Event "TUR-chT 2nd League"]
[White "Gurbuz, Bayram"]
[Black "Turan, Asim"]
[Site "Denizli"]
[Round "3.3"]
[Result "1/2-1/2"]
[Date "2024.07.17"]
[WhiteElo "1945"]
[BlackElo "1970"]
[PlyCount "64"]
[EventDate "2024.07.15"]
[EventType "team-swiss"]
[EventRounds "9"]
[EventCountry "TUR"]
[SourceTitle "EXT 2025"]
[Source "ChessBase"]
[SourceDate "2024.10.14"]
[SourceVersion "1"]
[SourceVersionDate "2024.10.14"]
[SourceQuality "1"]
[WhiteTeam "Nida"]
[BlackTeam "Akcakoca Kultur Sanat"]
[WhiteTeamCountry "TUR"]
[BlackTeamCountry "TUR"]

1. e4 e5 2. Nf3 Nc6 3. Bb5 a6 4. Ba4 Nge7 5. Nc3 g6 6. h4 Bg7 7. h5 Nd4 8. h6 Bf6 9. Nxd4 exd4 10. Qf3 Be5 11. Bb3 0-0 12. Ne2 Nc6 13. d3 d6 14. Bd2 Qe7 15. g4 Be6 16. Qg2 Bh8 17. f4 Rfe8 18. Bxe6 Qxe6 19. f5 Qd7 20. 0-0-0 a5 21. Nf4 Be5 22. fxg6 fxg6 23. Rdf1 Nb4 24. a3 Qa4 25. Be1 Na2+ 26. Kb1 Nc3+ 27. Kc1 Na2+ 28. Kb1 Nc3+ 29. Kc1 Na2+ 30. Kb1 Nc3+ 31. Kc1 Na2+ 32. Kd1 Qb5 1/2-1/2

[Event "Istanbul Bagcilar op-A"]
[White "Abdisalimov, Abdimalik"]
[Black "Turan, Asim"]
[Site "Istanbul"]
[Round "3"]
[Result "1-0"]
[Date "2023.09.04"]
[WhiteElo "2476"]
[BlackElo "1993"]
[PlyCount "45"]
[EventDate "2023.09.03"]
[EventType "swiss"]
[EventRounds "9"]
[EventCountry "TUR"]
[SourceTitle "CBM 216 Extra"]
[Source "ChessBase"]
[SourceDate "2023.11.30"]
[SourceVersion "1"]
[SourceVersionDate "2023.11.30"]
[SourceQuality "1"]

1. e4 c6 2. Nc3 d5 3. Nf3 Bg4 4. h3 Bh5 5. d4 e6 6. Bd3 Nd7 7. 0-0 dxe4 8. Nxe4 Ngf6 9. Ng3 Bg6 10. Bxg6 hxg6 11. Bf4 Be7 12. c4 0-0 13. Qe2 a5 14. Rad1 a4 15. Ne5 Qa5 16. Nxd7 Nxd7 17. d5 cxd5 18. cxd5 e5 19. d6 Bxd6 20. Bc1 Qc7 21. Qd2 Ra6 22. Ne4 a3 23. bxa3 1-0

[Event "Istanbul Bagcilar op-A"]
[White "Turan, Asim"]
[Black "Onem, Cem"]
[Site "Istanbul"]
[Round "2"]
[Result "1-0"]
[Date "2023.09.04"]
[WhiteElo "1993"]
[BlackElo "1680"]
[PlyCount "81"]
[EventDate "2023.09.03"]
[EventType "swiss"]
[EventRounds "9"]
[EventCountry "TUR"]
[SourceTitle "CBM 216 Extra"]
[Source "ChessBase"]
[SourceDate "2023.11.30"]
[SourceVersion "1"]
[SourceVersionDate "2023.11.30"]
[SourceQuality "1"]

1. d4 d5 2. c4 e6 3. Nf3 Nf6 4. g3 Be7 5. Bg2 0-0 6. 0-0 c6 7. Qc2 Nbd7 8. Nbd2 b6 9. e4 dxc4 10. Nxc4 c5 11. d5 exd5 12. exd5 Nxd5 13. Rd1 Bb7 14. Nh4 Nb4 15. Qf5 Bxg2 16. Rxd7 Bc6 17. Rxd8 Raxd8 18. Bd2 Rd5 19. Qg4 Rd4 20. Qe2 Bxh4 21. gxh4 Re8 22. Ne3 Nd3 23. Bc3 Nf4 24. Qg4 h5 25. Qf5 Ne2+ 26. Kf1 Rf4 27. Qg5 f6 28. Bxf6 Rxf6 29. Kxe2 Bb5+ 30. Ke1 Ref8 31. Rd1 Rxf2 32. Rd8 Re2+ 33. Kd1 Rxd8+ 34. Qxd8+ Kh7 35. Qg5 g6 36. Qe7+ Kg8 37. a4 Ba6 38. Qxa7 Rxe3 39. Qxa6 Re6 40. a5 Rd6+ 41. Kc2 1-0

[Event "Kesan op"]
[White "Turan, Asim"]
[Black "Mgeladze, Kesaria"]
[Site "Kesan"]
[Round "7"]
[Result "1-0"]
[Date "2023.08.04"]
[WhiteElo "1944"]
[BlackElo "2046"]
[PlyCount "139"]
[EventDate "2023.08.01"]
[EventType "swiss"]
[EventRounds "9"]
[EventCountry "TUR"]
[SourceTitle "CBM 215 Extra"]
[Source "ChessBase"]
[SourceDate "2023.09.30"]
[SourceVersion "1"]
[SourceVersionDate "2023.09.30"]
[SourceQuality "1"]

1. d4 Nf6 2. c4 g6 3. f3 Bg7 4. e4 d6 5. Ne2 0-0 6. Be3 Nc6 7. Qd2 a6 8. Nbc3 Rb8 9. Rb1 b5 10. cxb5 axb5 11. b4 e5 12. d5 Ne7 13. g4 Bd7 14. Ng3 c6 15. g5 Ne8 16. dxc6 Bxc6 17. Rd1 f5 18. gxf6 Rxf6 19. Be2 Qc7 20. h4 h5 21. Rg1 Kh7 22. Nd5 Nxd5 23. exd5 Bd7 24. Ne4 Rf8 25. Bd3 Bf5 26. Ng5+ Kg8 27. Ne6 Bxe6 28. dxe6 e4 29. Rc1 Qe7 30. Bxe4 Nf6 31. Bxg6 Qxe6 32. Kd1 Rfc8 33. Rxc8+ Rxc8 34. Bd4 Kf8 35. Re1 Qd5 36. Qe3 Kg8 37. Bc2 Ng4 38. fxg4 Qxd4+ 39. Qxd4 Bxd4 40. gxh5 Be5 41. Rg1+ Kh8 42. Rg6 Rc4 43. Rh6+ Kg7 44. Rh7+ Kg8 45. Rb7 Rxb4 46. h6 Rxh4 47. h7+ Kh8 48. Bg6 Rh2 49. Rb8+ Kg7 50. Rg8+ Kf6 51. h8Q+ Rxh8 52. Rxh8 Kxg6 53. Rb8 Kf7 54. Rxb5 Ke7 55. Ke2 Kd7 56. Kd3 Kc6 57. Kc4 Bd4 58. a4 Bc5 59. Rb8 Ba7 60. Rc8+ Kb7 61. Rg8 Ka6 62. Kd5 Bc5 63. Kc6 Ka7 64. Kb5 Bd4 65. a5 Be5 66. Re8 Bf4 67. Re7+ Ka8 68. a6 d5 69. a7 Bd6 70. Rd7 1-0

[Event "TUR Cup"]
[White "Turan, Asim"]
[Black "Ozcelik, Ali Kaan"]
[Site "Denizli"]
[Round "4"]
[Result "0-1"]
[Date "2023.07.18"]
[WhiteElo "1957"]
[BlackElo "1938"]
[PlyCount "146"]
[EventDate "2023.07.16"]
[EventType "team-tourn"]
[EventRounds "9"]
[EventCountry "TUR"]
[SourceTitle "CBM 215 Extra"]
[Source "ChessBase"]
[SourceDate "2023.09.30"]
[SourceVersion "1"]
[SourceVersionDate "2023.09.30"]
[SourceQuality "1"]

1. d4 d5 2. c4 e6 3. Nf3 Nf6 4. g3 Be7 5. Bg2 0-0 6. Nbd2 c5 7. 0-0 Nc6 8. cxd5 Nxd5 9. dxc5 Bxc5 10. Qc2 b6 11. Nb3 Ncb4 12. Qb1 Be7 13. a3 Nc6 14. Rd1 Qc7 15. e4 Nf6 16. e5 Nd5 17. Qe4 Ba6 18. Re1 Rfd8 19. Bg5 h6 20. Bd2 Na5 21. Nxa5 bxa5 22. Rac1 Qb6 23. Qg4 Bd3 24. Bxh6 Bg6 25. Bg5 Qxb2 26. Bxe7 Nxe7 27. h4 Rac8 28. Rxc8 Rxc8 29. h5 Bf5 30. Qh4 Qxa3 31. h6 Ng6 32. Qg5 Qe7 33. Qe3 Qc5 34. Qd2 a4 35. hxg7 Kxg7 36. Qg5 Qe7 37. Qe3 Rc5 38. Qa3 Ra5 39. Qc3 Qc5 40. Qd2 a3 41. Rc1 Qd5 42. Qg5 Rc5 43. Qf6+ Kg8 44. Ra1 Ra5 45. Ng5 Qd7 46. Nxf7 Qe7 47. Nh6+ Kh7 48. Nxf5 Qxf6 49. exf6 exf5 50. Bf1 Ne5 51. f4 Nf3+ 52. Kf2 Nd2 53. Bd3 Kg6 54. Ke3 Nb3 55. f7 Kg7 56. Ra2 Nc1 57. Ra1 Nxd3 58. Kxd3 a2 59. Kc4 Kxf7 60. Kb4 Ra6 61. Kb5 Rb6+ 62. Kc5 Rb2 63. Kd5 Kg6 64. Kd6 Kh5 65. Ke6 Kg4 66. Kf6 Rb6+ 67. Ke5 Ra6 68. Kd4 Kxg3 69. Ke3 Ra3+ 70. Ke2 Kxf4 71. Kf2 Ke4 72. Ke2 f4 73. Kf2 Kd3 0-1

[Event "TUR-chT 2nd League"]
[White "Turan, Asim"]
[Black "Sakir, Ridvan"]
[Site "Konya"]
[Round "6.1"]
[Result "1-0"]
[Date "2022.08.25"]
[WhiteElo "1968"]
[BlackElo "2270"]
[PlyCount "117"]
[EventDate "2022.08.22"]
[EventType "team-swiss"]
[EventRounds "9"]
[EventCountry "TUR"]
[SourceTitle "CBM 210 Extra"]
[Source "ChessBase"]
[SourceDate "2022.11.30"]
[SourceVersion "1"]
[SourceVersionDate "2022.11.30"]
[SourceQuality "1"]
[WhiteTeam "Pamukkale Yonetimi"]
[BlackTeam "Seyhan Belediye"]
[WhiteTeamCountry "TUR"]
[BlackTeamCountry "TUR"]

1. d4 Nf6 2. c4 e6 3. g3 d5 4. Nf3 Bb4+ 5. Bd2 Be7 6. Bg2 0-0 7. 0-0 c6 8. Qc2 b6 9. Bf4 Ba6 10. cxd5 cxd5 11. Rc1 Nbd7 12. Nc3 b5 13. a4 b4 14. Nb5 Qb6 15. Qc6 Rac8 16. Bc7 Qxc6 17. Rxc6 Bb7 18. Rcc1 Ra8 19. Nd2 Ne8 20. Ba5 a6 21. Nc7 Rc8 22. Nxe8 Rfxe8 23. Nb3 Bd6 24. e3 Kf8 25. Bf1 Ke7 26. Bd3 g6 27. f3 f5 28. Re1 Kf6 29. f4 h6 30. Rac1 Ke7 31. Kf2 g5 32. h3 Rg8 33. Rxc8 Rxc8 34. Rc1 Rxc1 35. Nxc1 Nb8 36. Bb6 Bc6 37. Bc2 Bd7 38. Nd3 Nc6 39. Bc5 Be8 40. Bxd6+ Kxd6 41. Nc5 Nb8 42. Bd1 gxf4 43. gxf4 Bd7 44. Kg3 Ke7 45. Be2 Bc8 46. Kh4 Kf6 47. Kg3 Ke7 48. Kf2 Kd6 49. Ke1 Kc6 50. Bh5 Bd7 51. Kd2 Kd6 52. Kc2 Ke7 53. Be2 a5 54. Bb5 Bxb5 55. axb5 Kd6 56. Kb3 Kc7 57. Ka4 Kb6 58. b3 h5 59. h4 1-0

[Event "TUR-chT 1st League"]
[White "Demirag, Selina"]
[Black "Turan, Asim"]
[Site "Konya"]
[Round "1.1"]
[Result "0-1"]
[Date "2019.07.22"]
[WhiteElo "1536"]
[BlackElo "1978"]
[PlyCount "106"]
[EventDate "2019.07.22"]
[EventType "team-swiss"]
[EventRounds "9"]
[EventCountry "TUR"]
[SourceTitle "CBM 191 Extra"]
[Source "ChessBase"]
[SourceDate "2019.09.30"]
[SourceVersion "1"]
[SourceVersionDate "2019.09.30"]
[SourceQuality "1"]
[WhiteTeam "Yalova Belediye"]
[BlackTeam "Bayegan Pendik"]
[WhiteTeamCountry "TUR"]
[BlackTeamCountry "TUR"]

1. e4 e5 2. Nf3 Nc6 3. Bb5 a6 4. Ba4 Nf6 5. 0-0 Be7 6. Re1 b5 7. Bb3 d6 8. c3 0-0 9. h3 Na5 10. Bc2 c5 11. d3 Nc6 12. Nbd2 Re8 13. Nf1 h6 14. Ng3 Bf8 15. d4 cxd4 16. cxd4 g6 17. dxe5 dxe5 18. Be3 Be6 19. a3 Qe7 20. b4 Red8 21. Nd2 Rac8 22. Rc1 Nd4 23. Bxd4 Rxd4 24. Qe2 Rc3 25. a4 Qxb4 26. axb5 axb5 27. Ngf1 Qc5 28. Ne3 b4 29. Nb1 Nh5 30. Nxc3 bxc3 31. Red1 Nf4 32. Qf3 Bd6 33. Kh2 Qc7 34. Kg1 Qe7 35. Ng4 h5 36. Ne3 Qg5 37. Kh2 Kg7 38. Ra1 Qd8 39. Rac1 Qc7 40. Kg1 Kg8 41. Kh2 Rd2 42. Kg1 Ne2+ 43. Kh2 Nxc1 44. Rxc1 Qb6 45. Nd1 Bb4 46. Ne3 Bc5 47. Rb1 Qc7 48. Rc1 Qd6 49. h4 Bxe3 50. Qxe3 Qd4 51. Bb1 Rb2 52. Bc2 Qd2 53. Rd1 Qxe3 0-1

[Event "Istanbul op-A"]
[White "Turan, Asim"]
[Black "Acarbay, Aydin"]
[Site "Istanbul"]
[Round "1"]
[Result "0-1"]
[Date "2018.09.02"]
[WhiteElo "2108"]
[BlackElo "1894"]
[PlyCount "82"]
[EventDate "2018.09.02"]
[EventType "swiss"]
[EventRounds "9"]
[EventCountry "TUR"]
[SourceTitle "CBM 186 Extra"]
[Source "ChessBase"]
[SourceDate "2018.08.24"]
[SourceVersion "1"]
[SourceVersionDate "2018.08.24"]
[SourceQuality "1"]

1. d4 d5 2. c4 c6 3. Nf3 Nf6 4. g3 g6 5. Bg2 Bg7 6. Qb3 0-0 7. 0-0 dxc4 8. Qxc4 Qb6 9. Nc3 Be6 10. Qa4 Qa6 11. Qc2 c5 12. dxc5 Nc6 13. a3 Rfd8 14. Bf4 Qc4 15. Rac1 Qxc5 16. b4 Qh5 17. b5 Nd4 18. Nxd4 Rxd4 19. e3 Rc4 20. Qd1 g5 21. Be5 Ng4 22. h3 Bxe5 23. hxg4 Qxg4 24. Qxg4 Bxg4 25. Nd5 Rxc1 26. Rxc1 Bd6 27. a4 Rc8 28. Ra1 Kg7 29. e4 Bc5 30. e5 b6 31. a5 bxa5 32. Rxa5 Be2 33. Be4 Rb8 34. Ne3 Bxe3 35. fxe3 Rxb5 36. Rxa7 Rxe5 37. Ra4 f5 38. Bc2 Rxe3 39. Ra5 Bd3 40. Bxd3 Rxg3+ 41. Kf2 Rxd3 0-1

[Event "TUR-chT 2nd League"]
[White "Akdogan, Alperen"]
[Black "Turan, Asim"]
[Site "Konya"]
[Round "9.1"]
[Result "0-1"]
[Date "2018.07.22"]
[WhiteElo "2310"]
[BlackElo "2041"]
[PlyCount "118"]
[EventDate "2018.07.16"]
[EventType "team-swiss"]
[EventRounds "9"]
[EventCountry "TUR"]
[SourceTitle "EXT 2019"]
[Source "ChessBase"]
[SourceDate "2018.10.10"]
[SourceVersion "1"]
[SourceVersionDate "2018.10.10"]
[SourceQuality "1"]
[WhiteTeam "Ankara DSI Genclik"]
[BlackTeam "Pendik Dernegi"]
[WhiteTeamCountry "TUR"]
[BlackTeamCountry "TUR"]

1. d4 d5 2. Nf3 Nf6 3. c4 e6 4. g3 Bb4+ 5. Bd2 Be7 6. Bg2 0-0 7. Qc2 c6 8. 0-0 b6 9. Bf4 Ba6 10. Nbd2 Nbd7 11. e4 Nxe4 12. Nxe4 dxe4 13. Ne5 Nxe5 14. dxe5 Qd3 15. Rac1 Qxc2 16. Rxc2 Rfd8 17. Rfc1 Rac8 18. Bxe4 Rc7 19. Rd2 Rxd2 20. Bxd2 Bc5 21. b3 Rd7 22. Bc3 Ba3 23. Re1 c5 24. Kf1 Kf8 25. Ke2 h6 26. f4 Bc8 27. g4 a5 28. Ke3 Bb4 29. Bxb4 axb4 30. f5 Rd4 31. a3 bxa3 32. Ra1 f6 33. Rxa3 Ke7 34. Ra8 Rxe4+ 35. Kf3 Bd7 36. Rg8 Rxe5 37. Rxg7+ Kd6 38. fxe6 Bxe6 39. Rh7 f5 40. h3 fxg4+ 41. hxg4 Re1 42. Rxh6 Rb1 43. g5 Rxb3+ 44. Kf4 Rc3 45. g6 Rxc4+ 46. Kg5 Rg4+ 47. Kf6 Rg1 48. Rh8 c4 49. Rd8+ Bd7 50. g7 c3 51. g8Q Rxg8 52. Rxg8 b5 53. Rg3 b4 54. Rd3+ Kc7 55. Rd4 Bb5 56. Rxb4 c2 57. Rxb5 c1Q 58. Re5 Qh6+ 59. Ke7 Qd6+ 0-1

[Event "EU-chT U18"]
[White "Vanczak, Tamas"]
[Black "Turan, Asim"]
[Site "Bad Blankenburg"]
[Round "6.3"]
[Result "1-0"]
[Date "2018.07.17"]
[WhiteElo "2339"]
[BlackElo "2041"]
[PlyCount "105"]
[EventDate "2018.07.12"]
[EventType "team-swiss"]
[EventRounds "7"]
[EventCountry "GER"]
[SourceTitle "EXT 2019"]
[Source "ChessBase"]
[SourceDate "2018.10.10"]
[SourceVersion "1"]
[SourceVersionDate "2018.10.10"]
[SourceQuality "1"]
[WhiteTeam "Hungary U18"]
[BlackTeam "Turkey U18"]
[WhiteTeamCountry "HUN"]
[BlackTeamCountry "TUR"]

1. d4 Nf6 2. Nf3 d5 3. Bf4 c5 4. e3 Nc6 5. c3 e6 6. Nbd2 Be7 7. Bd3 Nh5 8. Bg3 Nxg3 9. hxg3 h6 10. Qe2 Bd7 11. dxc5 Bxc5 12. e4 dxe4 13. Nxe4 Be7 14. g4 Qc7 15. 0-0-0 0-0-0 16. Kb1 Ne5 17. Nxe5 Qxe5 18. Rhe1 Bc6 19. Qc2 Rd7 20. g3 Rhd8 21. f4 Bxe4 22. fxe5 Rxd3 23. Rc1 Re3 24. Qxe4 Rxe4 25. Rxe4 Rd3 26. Rf1 f6 27. exf6 Bxf6 28. Rxe6 Rxg3 29. Re4 Rg2 30. a4 Rd2 31. Rf5 Kd7 32. a5 Rd6 33. Kc2 g6 34. Rf3 h5 35. gxh5 gxh5 36. Rd3 h4 37. Ree3 Rxd3 38. Kxd3 Kd6 39. b4 Be5 40. Ke4 Bg3 41. c4 Kc6 42. Kf5 a6 43. Re6+ Kc7 44. b5 axb5 45. cxb5 h3 46. Rh6 h2 47. Ke6 Kb8 48. b6 Ka8 49. Rh8+ Bb8 50. Kd7 h1Q 51. Rxh1 Bf4 52. Kc8 Bc1 53. a6 1-0

[Event "EU-chT U18"]
[White "Turan, Asim"]
[Black "Hurdzan, Tomas"]
[Site "Bad Blankenburg"]
[Round "5.3"]
[Result "1/2-1/2"]
[Date "2018.07.16"]
[WhiteElo "2041"]
[BlackElo "2164"]
[PlyCount "99"]
[EventDate "2018.07.12"]
[EventType "team-swiss"]
[EventRounds "7"]
[EventCountry "GER"]
[SourceTitle "EXT 2019"]
[Source "ChessBase"]
[SourceDate "2018.10.10"]
[SourceVersion "1"]
[SourceVersionDate "2018.10.10"]
[SourceQuality "1"]
[WhiteTeam "Turkey U18"]
[BlackTeam "Czech Republic U18"]
[WhiteTeamCountry "TUR"]
[BlackTeamCountry "CZE"]

1. d4 Nf6 2. c4 e6 3. Nf3 d5 4. g3 Be7 5. Bg2 0-0 6. 0-0 dxc4 7. Qc2 b6 8. Qxc4 Bb7 9. Nc3 c5 10. Rd1 Nbd7 11. Ne5 Bxg2 12. Kxg2 Qc7 13. Nxd7 Qxd7 14. Bg5 Qb7+ 15. Kg1 cxd4 16. Rxd4 h6 17. Bf4 Rac8 18. Qa4 Bc5 19. Rd3 a6 20. Bd6 Rfd8 21. Rad1 b5 22. Qb3 Bb6 23. h3 Ne4 24. Nxe4 Qxe4 25. e3 Rc6 26. Ba3 Rdc8 27. Qb4 Qf5 28. Qg4 Qf6 29. R3d2 Rc4 30. Qe2 Qf5 31. h4 Ba5 32. b3 Rc2 33. b4 Bb6 34. Bb2 Qe4 35. Rxc2 Rxc2 36. Rd2 Rc6 37. a3 Bc7 38. Qd3 Qxd3 39. Rxd3 Rc2 40. Bd4 Kf8 41. Kg2 h5 42. e4 f6 43. Kf3 Ke7 44. Ke3 Bd6 45. Rb3 e5 46. Kd3 Rc4 47. Be3 Ke6 48. Rb1 g6 49. f3 Rc8 50. Rc1 1/2-1/2

[Event "EU-chT U18"]
[White "Turan, Asim"]
[Black "Amon, Nejc"]
[Site "Bad Blankenburg"]
[Round "2.3"]
[Result "1/2-1/2"]
[Date "2018.07.13"]
[WhiteElo "2041"]
[BlackElo "2295"]
[PlyCount "70"]
[EventDate "2018.07.12"]
[EventType "team-swiss"]
[EventRounds "7"]
[EventCountry "GER"]
[SourceTitle "EXT 2019"]
[Source "ChessBase"]
[SourceDate "2018.10.10"]
[SourceVersion "1"]
[SourceVersionDate "2018.10.10"]
[SourceQuality "1"]
[WhiteTeam "Turkey U18"]
[BlackTeam "Slovenia U18"]
[WhiteTeamCountry "TUR"]
[BlackTeamCountry "SLO"]

1. d4 Nf6 2. c4 e6 3. g3 d5 4. Nf3 Bb4+ 5. Bd2 Be7 6. Bg2 0-0 7. 0-0 c6 8. Qc2 Nbd7 9. Nc3 dxc4 10. a4 c5 11. Rfd1 cxd4 12. Nxd4 Qb6 13. Bg5 Qc5 14. Ne4 Nxe4 15. Bxe7 Qxe7 16. Bxe4 Nf6 17. Bg2 e5 18. Nb5 Be6 19. Qc3 e4 20. Nd6 Rfd8 21. Nxe4 Nxe4 22. Bxe4 Rac8 23. Rd4 Rxd4 24. Qxd4 b6 25. Rd1 g6 26. Bc2 Qc7 27. Qf6 Qc5 28. h4 Qf8 29. Rd4 Qg7 30. Qf4 h5 31. e3 Kh7 32. Qg5 Rc5 33. Qd8 Qe5 34. e4 Rc8 35. Qd6 Qxd6 1/2-1/2

[Event "EU-chT U18"]
[White "Pajeken, Jakob Leon"]
[Black "Turan, Asim"]
[Site "Bad Blankenburg"]
[Round "1.3"]
[Result "1-0"]
[Date "2018.07.12"]
[WhiteElo "2273"]
[BlackElo "2041"]
[PlyCount "55"]
[EventDate "2018.07.12"]
[EventType "team-swiss"]
[EventRounds "7"]
[EventCountry "GER"]
[SourceTitle "EXT 2019"]
[Source "ChessBase"]
[SourceDate "2018.10.10"]
[SourceVersion "1"]
[SourceVersionDate "2018.10.10"]
[SourceQuality "1"]
[WhiteTeam "Germany U18 III"]
[BlackTeam "Turkey U18"]
[WhiteTeamCountry "GER"]
[BlackTeamCountry "TUR"]

1. d4 d5 2. Bf4 Nf6 3. e3 e6 4. c3 c5 5. Nd2 Nc6 6. Ngf3 Bd6 7. Bg3 0-0 8. Bd3 Nd7 9. Ne5 Qe7 10. Nxd7 Bxd7 11. Bxd6 Qxd6 12. dxc5 Qxc5 13. Bxh7+ Kxh7 14. Qh5+ Kg8 15. Ne4 Qc4 16. Ng5 Rfd8 17. Qxf7+ Kh8 18. Qh5+ Kg8 19. Qf7+ Kh8 20. Qg6 Kg8 21. f4 Qc5 22. 0-0 Qxe3+ 23. Kh1 Be8 24. Qh7+ Kf8 25. Rae1 Qd2 26. Nxe6+ Ke7 27. Qxg7+ Kd6 28. Qc7# 1-0

[Event "EU-ch 19th"]
[White "Turan, Asim"]
[Black "Tsvetkov, Andrey1"]
[Site "Batumi"]
[Round "11"]
[Result "0-1"]
[Date "2018.03.28"]
[WhiteElo "2024"]
[BlackElo "2252"]
[PlyCount "74"]
[EventDate "2018.03.17"]
[EventType "swiss"]
[EventRounds "11"]
[EventCountry "GEO"]
[SourceTitle "CBM 184"]
[Source "ChessBase"]
[SourceDate "2018.05.16"]
[SourceVersion "1"]
[SourceVersionDate "2018.05.16"]
[SourceQuality "1"]

1. d4 d5 2. c4 c6 3. Nf3 Nf6 4. g3 dxc4 5. Bg2 b5 6. 0-0 e6 7. b3 cxb3 8. Qxb3 Bb7 9. a4 a6 10. Nbd2 Be7 11. Ba3 Nbd7 12. Rfc1 0-0 13. Nc4 Bxa3 14. Rxa3 Rb8 15. Nd6 Ba8 16. e4 c5 17. axb5 axb5 18. e5 c4 19. Qb1 Nd5 20. Ra7 Bc6 21. Ra6 Ba8 22. Ra7 h6 23. Nd2 Bc6 24. Ra6 Rb6 25. Ra1 Qe7 26. N2e4 f6 27. Ra7 fxe5 28. dxe5 Qd8 29. Bh3 Nxe5 30. Bxe6+ Kh8 31. f4 Nxf4 32. gxf4 Rxf4 33. Rf1 Rxe4 34. Nxe4 Qd4+ 35. Rf2 Bxe4 36. Ra8+ Bxa8 37. Qf5 Nf3+ 0-1

[Event "EU-ch 19th"]
[White "Hakobyan, Hovhannes H"]
[Black "Turan, Asim"]
[Site "Batumi"]
[Round "3"]
[Result "0-1"]
[Date "2018.03.19"]
[WhiteElo "2280"]
[BlackElo "2024"]
[PlyCount "82"]
[EventDate "2018.03.17"]
[EventType "swiss"]
[EventRounds "11"]
[EventCountry "GEO"]
[SourceTitle "CBM 184"]
[Source "ChessBase"]
[SourceDate "2018.05.16"]
[SourceVersion "1"]
[SourceVersionDate "2018.05.16"]
[SourceQuality "1"]

1. e4 e5 2. Bc4 Nf6 3. d3 Nc6 4. Nc3 Bc5 5. f4 d6 6. f5 Na5 7. Qf3 Nxc4 8. dxc4 c6 9. Bg5 a6 10. a4 Qb6 11. Nge2 Qxb2 12. Rb1 Qxc2 13. g4 Bd4 14. Bd2 Nd7 15. h4 Nc5 16. Rh3 Nb3 17. Rd1 Bc5 18. Be3 Bb4 19. Bb6 0-0 20. f6 Nd4 21. Nxd4 exd4 22. Rxd4 Bxc3+ 23. Qxc3 Qb1+ 24. Kd2 Qxb6 25. Rxd6 Qf2+ 26. Kc1 Qf4+ 27. Qd2 Qxd2+ 28. Kxd2 Bxg4 29. Rb3 Rfd8 30. c5 Rxd6+ 31. cxd6 b5 32. e5 g6 33. Kc3 Kf8 34. Kd4 Ke8 35. Kc5 Kd7 36. Kb6 bxa4 37. Rg3 h5 38. Kb7 Re8 39. Re3 c5 40. Kxa6 Rb8 41. Ka7 Rb3 0-1

[Event "EU-ch 19th"]
[White "Turan, Asim"]
[Black "Voit, Daria"]
[Site "Batumi"]
[Round "2"]
[Result "0-1"]
[Date "2018.03.18"]
[WhiteElo "2024"]
[BlackElo "2382"]
[PlyCount "124"]
[EventDate "2018.03.17"]
[EventType "swiss"]
[EventRounds "11"]
[EventCountry "GEO"]
[SourceTitle "CBM 184"]
[Source "ChessBase"]
[SourceDate "2018.05.16"]
[SourceVersion "1"]
[SourceVersionDate "2018.05.16"]
[SourceQuality "1"]

1. d4 Nf6 2. c4 e6 3. g3 d5 4. Nf3 Bb4+ 5. Bd2 Be7 6. Bg2 0-0 7. 0-0 c6 8. Qc2 Nbd7 9. Bg5 b6 10. Nbd2 Bb7 11. e4 h6 12. Bxf6 Nxf6 13. Rac1 dxe4 14. Nxe4 c5 15. Nxf6+ Bxf6 16. Rcd1 Qc7 17. dxc5 bxc5 18. Rd2 Bxf3 19. Bxf3 Rae8 20. Rfd1 Bd4 21. b4 e5 22. bxc5 Qxc5 23. Bd5 Kh8 24. Qf5 Qe7 25. Rb1 g6 26. Qg4 Rb8 27. Rdd1 Kg7 28. Qe2 Qc5 29. Kh1 Rb6 30. Rxb6 axb6 31. f4 exf4 32. Qe4 Bc3 33. Qxf4 f5 34. Rc1 Bf6 35. Re1 Rd8 36. Qf3 b5 37. Rc1 h5 38. Qf1 bxc4 39. Bxc4 Rd2 40. Be2 Qe3 41. Re1 h4 42. Bf3 Qa7 43. Re2 Qxa2 44. Rxd2 Qxd2 45. Qe2 Qc1+ 46. Qd1 Qc3 47. gxh4 Bxh4 48. Kg2 Bf6 49. Qd7+ Kh6 50. Qe8 Qd2+ 51. Qe2 Qg5+ 52. Kh1 Bd4 53. Qf1 Qe3 54. Bd5 g5 55. h3 Kh5 56. Bf3+ Kh4 57. Bg2 Kg3 58. Bd5 Qd2 59. Bg2 g4 60. h4 f4 61. h5 f3 62. Bxf3 Qh2# 0-1

[Event "EU-ch U16 27th"]
[White "Kosakowski, Jakub"]
[Black "Turan, Asim"]
[Site "Mamaia"]
[Round "6"]
[Result "1-0"]
[Date "2017.09.11"]
[WhiteElo "2332"]
[BlackElo "1956"]
[PlyCount "27"]
[EventDate "2017.09.05"]
[EventType "swiss"]
[EventRounds "9"]
[EventCountry "ROU"]
[SourceTitle "EXT 2018"]
[Source "ChessBase"]
[SourceDate "2017.10.13"]
[SourceVersion "1"]
[SourceVersionDate "2017.10.13"]
[SourceQuality "1"]

1. e4 e5 2. Nf3 Nc6 3. Bb5 a6 4. Ba4 Nf6 5. 0-0 Be7 6. d3 b5 7. Bb3 Bb7 8. Nc3 0-0 9. Nd5 Nxd5 10. Bxd5 d6 11. Bd2 Qd7 12. a4 Nd8 13. a5 Bxd5 14. exd5 1-0

[Event "EU-ch U16 27th"]
[White "Turan, Asim"]
[Black "Hurdzan, Tomas"]
[Site "Mamaia"]
[Round "3"]
[Result "1-0"]
[Date "2017.09.07"]
[WhiteElo "1956"]
[BlackElo "2223"]
[PlyCount "52"]
[EventDate "2017.09.05"]
[EventType "swiss"]
[EventRounds "9"]
[EventCountry "ROU"]
[SourceTitle "EXT 2018"]
[Source "ChessBase"]
[SourceDate "2017.10.13"]
[SourceVersion "1"]
[SourceVersionDate "2017.10.13"]
[SourceQuality "1"]

1. d4 Nf6 2. c4 e6 3. Nf3 c5 4. d5 exd5 5. cxd5 d6 6. Nc3 g6 7. g3 Bg7 8. Bg2 0-0 9. 0-0 a6 10. a4 Nbd7 11. Bf4 Qe7 12. h3 Rb8 13. Qd3 Ne8 14. Nd2 Ne5 15. Bxe5 dxe5 16. Nc4 b5 17. axb5 axb5 18. Na5 c4 19. Qe3 Qc7 20. Nc6 Rb7 21. d6 Nxd6 22. Nd5 Qd7 23. Nde7+ Kh8 24. Rfd1 Qe6 25. Nxc8 Rxc8 26. Na7 Rcb8 1-0